00476 2200193 4500001002100000005001500021008004100036035002000077082001000097084001600107100002300123245004500146250000600191260003600197300001100233650001400244990001200258990001200270INLIS00000000000034320240503082042240503 0 ind  a0010-0424000319 a2X4.1 a2X4.1 NUR s aKhoiro Umatin, Nur1 aSalat - Salat Sunah /cNur Khoiro Umatin a1 aJakarta :bCempaka Putih,c2015 a68 hlm 4aNon Fiksi a0728712 a0728713